000 00700nam a2200241Ia 4500
003 OSt
005 20220928113357.0
006 a|||||r|||| 00| 0
007 ta
008 220927b |||||||| |||| 00| 0 eng d
024 _a41655
037 _cTextual
040 _aSDCL
_cSDCL
_beng
041 _2eng
_aeng
082 _aXM8.1'N8, M3
100 _aKindleberger Charles P Ed.
_9432796
245 0 _aMultinational corporation in the 1980s
260 _aCambridge
_bMIT Press
_c1983
300 _avi,368p
_ccm.
700 _a Audretsch David B Ed.
_9404473
942 _hXM8.1'N8, M3
_cTEXL
_2CC
999 _c749303
_d749303